A-Z Titles Quiz Stats

 Plays Quiz not verified by Sporcle

Challenge
Share
Tweet
Embed
Score 0/26 Timer 04:00
0 Plays Today
Book Title Missing Word % Correct
___, Pray, Loveeat
100%
The Diary of Anne _____frank
100%
To ____ a Mockingbirdkill
100%
____ of the Ringslord
100%
__ Mice and Menof
100%
A Tale of ___ Citiestwo
100%
_______ in the Ryecatcher
97.4%
____ With the Windgone
97.4%
A ____ With a Viewroom
97.4%
The ______ Bookjungle
94.7%
_____sandquick
94.7%
The Adventures of Tom ______sawyer
94.7%
Where the ____ Things Arewild
94.7%
Book Title Missing Word % Correct
Angels and ______demons
92.1%
The ___ in the Striped Pajamasboy
92.1%
Harry Potter and the Prisoner of _______azkaban
92.1%
___ Moonnew
86.8%
The _________ Maninvisible
84.2%
_______ Diariesvampire
81.6%
_______x
68.4%
______ Gameshunger
60.5%
_________ Parkmansfield
55.3%
The ________ Hitchhiker's Guide to the Galaxyultimate
55.3%
_____ Moonpaper
50%
The _______yearling
34.2%
Z for _________zachariah
5.3%

You're not logged in!

Compare scores with friends on all Sporcle quizzes.
Join for Free
OR
Log In

You Might Also Like...

Show Comments

Extras

Created Oct 10, 2011ReportNominate
Tags:Book Quiz, Letter Quiz, A-Z

Top Quizzes Today


Score Distribution

Your Account Isn't Verified!

In order to create a playlist on Sporcle, you need to verify the email address you used during registration. Go to your Sporcle Settings to finish the process.

Report this User

Report this user for behavior that violates our Community Guidelines.

Details: